Cargando...
Asaadhyamaayathu onnumilla
| Autor Principal: | |
|---|---|
| Formato: | Printed Book |
| Publicado: |
Thiruvalla, Aathmeeya yaathra publications
1988
|
| LEADER | 003900000a22001210004500 | ||
|---|---|---|---|
| 040 | |a MAL | ||
| 082 | |a 241 32 M8 | ||
| 100 | |a Yohannan, K P | ||
| 245 | |a Asaadhyamaayathu onnumilla | ||
| 260 | |a Thiruvalla, Aathmeeya yaathra publications | ||
| 260 | |c 1988 | ||
| 999 | |c 25792 |d 25792 | ||
| 952 | |0 0 |1 0 |4 0 |6 241_320000000000000_M8 |7 0 |8 MAL |9 25623 |a MGUL |b MGUL |d 2013-07-16 |l 0 |o 241 32 M8 |p 15550 |r 2013-07-16 |w 2013-07-16 |y BK | ||